header

International comparisons in mathematics education (Record no. 150)

MARC details
000 -LEADER
fixed length control field 01422nam a2200361 a 4500
082 04 - DEWEY DECIMAL CLASSIFICATION NUMBER
Classification number 510.7/1
245 00 - TITLE STATEMENT
Title International comparisons in mathematics education
260 ## - PUBLICATION, DISTRIBUTION, ETC. (IMPRINT)
Place of publication London ;
-- Philadelphia :
Name of publisher Falmer Press,
Year of publication 1999.
300 ## - PHYSICAL DESCRIPTION
Number of Pages ix, 269 p. :
Other physical details ill.
490 1# - SERIES STATEMENT
Series statement Studies in mathematics education series ;
650 #0 - SUBJECT ADDED ENTRY--TOPICAL TERM
Topical Term Mathematics
Topical Term Comparative education.
700 1# - ADDED ENTRY--PERSONAL NAME
Personal name Kaiser, Gabriele.
Personal name Luna, Eduardo.
Personal name Huntley, Ian.
856 40 - ELECTRONIC LOCATION AND ACCESS
Uniform Resource Identifier http://site.ebrary.com/lib/rucke/Doc?id=5003270

No items available.

© 2026 Rongo University
Contact us: librarian | system librarian | Rongo university